000
00319nam a2200133Ia 4500
008
200103s9999||||xx |||||||||||||| ||und||
020
_a
9789350991039
040
_a
IMU-MPC
082
_a
Column-20
100
_a
Patel, B. M.
245
0
_a
Applied Mathematics - I
260
_b
Technical Publications
_c
2013
942
_c
BK
999
_c
6505
_d
6505